Ukradli mi kabelku /

Hlavní autor: Prošková, Denisa, 1965-
Jazyk: Čeština
Vydáno: Praha : Motto, 2014
Vydání: Vyd. 1.
Témata:
Fyzický popis: 225 s. ; 20 cm
Knihy
Uloženo v:
LEADER 01060nam a2200349 a 4500
001 nkc20122427690
003 CZ PrNK
005 20141217121816.0
007 ta
008 121121s2014 xr g 000 f cze
015 |a cnb002427690 
020 |a 978-80-7246-708-2  |q (váz.) 
035 |a (OCoLC)900134553 
040 |a OLA001  |b cze 
072 7 |a 821.162.3-3  |x Česká próza  |2 Konspekt  |9 25 
080 |a 821.162.3-3  |2 MRF 
080 |a (0:82-4)  |2 MRF 
100 1 |a Prošková, Denisa,  |d 1965-  |7 pna2006337955  |4 aut 
245 1 0 |a Ukradli mi kabelku /  |c Denisa Prošková 
250 |a Vyd. 1. 
260 |a Praha :  |b Motto,  |c 2014 
300 |a 225 s. ;  |c 20 cm 
655 7 |a české prózy  |7 fd133972  |2 czenas 
655 7 |a fejetony  |7 fd132252  |2 czenas 
655 9 |a Czech prose  |2 eczenas 
655 9 |a feuilletons  |2 eczenas 
910 2 |a BOA001  |b 1-1337.416 
928 9 |a Albatros Media - Motto 
990 |a BK 
995 |a 01 
991 |b 201412  |c NOV  |e b 
996 6 |b 2610613490  |c 1-1337.416  |l MZK  |r Sklad / do 1 hodiny  |n 2  |p p.v.  |w 001474638  |u 000010  |a 1  |e BOA001  |j MZK50  |s P